• 首页
  • 本馆介绍
  • 公告通知
  • 最新文献
  • 馆藏检索
  • 电子资源
  • 读者导购
  • 参考咨询
  • 我的图书馆
  • 登录
  • 详细信息显示
  • 放入我的书架
  • 预约/预借图书
  • 作者相关作品
  • 分类相关作品
  • 丛书相关作品
  • 出版社相关作品

书目信息

  • 表格格式
  • 工作单格式
  • 卡片格式
题名:
30天精读MBA
    
 
作者: 巴罗 著 ;王丽君 译
分册: 2   商务金融
出版信息: 北京   中信出版社  2019
页数: 324页
开本: 23cm
丛书名: MBA精读系列
单 册:
中图分类: F203.9
科图分类:
主题词: 工商行政管理--教材
电子资源:
ISBN: 978-7-5217-0582-9
000 01279oam2 2200289 450
001 2368167379
005 20231120185631.30
010    @a978-7-5217-0582-9@dCNY58.00
100    @a20190731d2019 em y0chiy50 ea
101 1  @achi@ceng
102    @aCN@b110000
105    @aak z 000yy
200 1  @a30天精读MBA@A30 tian jing du mba@h2@i商务金融@dThe 30 day MBA in business finance: your fast track guide to business success@f(英)科林·巴罗(Colin Barrow)著@g王丽君译@zeng
210    @a北京@c中信出版社@d2019
215    @a324页@c图@d23cm
225 2  @aMBA精读系列
305    @a译自原书第2版
330    @a随着商业世界变得愈加复杂,对于更加专业的商科学位的需求变得愈发明显,商务金融MBA之类的专业性MBA由此应运而生。如果你想在规划组织方向及其实施过程中扮演更全面的角色,却又苦于缺乏财务和会计知识,那么阅读本书能让你在参与战略决策时具备与MBA毕业生同等的资格,同时又能让你在决策过程中感觉很轻松。
461  0 @12001 @aMBA精读系列
510 1  @a30 day MBA in business finance : your fast track guide to business success@zeng
517 1  @a商务金融@Ashang wu jin rong
606 0  @a工商行政管理@j教材
690    @aF203.9@v5
701  1 @c(英)@a巴罗@Aba luo@c(Barrow, Colin)@4著
702  0 @a王丽君@Awang li jun@4译
801  0 @aCN@b山东中教@c20231119
905    @aBZT@dF203.9@e37:2
    
    30天精读MBA.2.商务金融=The 30 day MBA in business finance: your fast track guide to business success/(英)科林·巴罗(Colin Barrow)著/王丽君译.-北京:中信出版社,2019
    324页:图;23cm.-(MBA精读系列)
    
    
    ISBN 978-7-5217-0582-9:CNY58.00
    随着商业世界变得愈加复杂,对于更加专业的商科学位的需求变得愈发明显,商务金融MBA之类的专业性MBA由此应运而生。如果你想在规划组织方向及其实施过程中扮演更全面的角色,却又苦于缺乏财务和会计知识,那么阅读本书能让你在参与战略决策时具备与MBA毕业生同等的资格,同时又能让你在决策过程中感觉很轻松。
●
相关链接 在五车中查询图书 在当当中查询图书 在豆瓣中查询图书


正题名:30天精读MBA     索取号:F203.9/37:2         预约/预借

序号 登录号 条形码 馆藏地/架位号 状态 备注
1 2000988288   2000988288   中教第一批/山东中教(第一批)/301/ [索取号:F203.9/37:2] 在馆    
2 2000988289   2000988289   中教第一批/山东中教(第一批)/301/ [索取号:F203.9/37:2] 在馆    
3 2000988290   2000988290   中教第一批/山东中教(第一批)/301/ [索取号:F203.9/37:2] 在馆    
4 2000988291   2000988291   中教第一批/山东中教(第一批)/301/ [索取号:F203.9/37:2] 在馆    
5 2000988292   2000988292   中教第一批/山东中教(第一批)/301/ [索取号:F203.9/37:2] 在馆    
6 2000988293   2000988293   中教第一批/山东中教(第一批)/301/ [索取号:F203.9/37:2] 在馆    
山东省滨州职业学院图书馆 欢迎您!
大连网信软件有限公司© 版权所有